| 000 | 00580nam a2200193Ii 4500 | ||
|---|---|---|---|
| 003 | JO-AjNU | ||
| 008 | 230605s9999||||xx |||||||||||||| ||und|| | ||
| 040 |
_aJO-AjNU _bara _erda _cJO-AjNU |
||
| 041 | _aara | ||
| 050 | 1 | 4 | _aQL807.M85 |
| 100 | 3 |
_aوروس ، ربث, _eauthor _920544 |
|
| 245 | 0 | 0 | _aمصور علم الانسجة الوصفي |
| 264 | 3 | 1 | _aبيروت :دار ابن زيدون ، 1900 |
| 300 | _a343ص | ||
| 336 |
_atext _btxt _2rdacontent |
||
| 337 |
_aunmediated _bn _2rdamedia |
||
| 338 |
_avolume _bnc _2rdacarrier |
||
| 650 | 4 |
_aعلم الانسجة _920545 |
|
| 999 |
_aA6981 _c10549 _d10549 |
||